Statistics for World Geography by letter N

Click here to take the quiz!

General Stats

  • This quiz has been taken 72 times
  • The average score is 9 of 15

Answer Stats

HintAnswer% Correct
Most populated country in AfricaNigeria
100%
Worlds longest riverNile river
100%
Most populated City in the United StatesNew York City
99%
Small Country in the HimalayasNepal
97%
Country where the lord of the rings was filmedNew Zealand
94%
Dictatorship formerly under Kim Il-sungNorth Korea
93%
Capital of CyprusNicosia
89%
Most famous City to be massacred in China in WW2Nanjing
63%
Capital of GreenlandNuuk
63%
Considered to be the oldest desert on EarthNamib Desert
56%
World's second or third largest Island, depending on who you askNew Guinea
36%
Known as " The Arab Capital of Israel "Nazareth
33%
Indian State bordering MyanmarNagaland
9%
Filipino island partially in the Sulu SeaNegros
9%
Mexican State bordering TexasNuevo Leon
9%

Score Distribution

Percentile by Number Answered

Percent of People with Each Score

Your Score History

You have not taken this quiz